Statistiken für Alle PDC Darts Turniersieger 2010

Klicken Sie hier um das Quiz zu spielen!

Allgemein

  • Dieses Quiz wurde 28 mal gespielt
  • Das Durchschnittsergebnis liegt bei 40 aus 58

Antwortstatistiken

TurnierLandDartsspieler% Korrekt
UK Open Qualifier 4SchottlandGary Anderson
100%
PDPA Players Championship Las Vegas 1SchottlandGary Anderson
100%
Killarney Pro TourSchottlandGary Anderson
100%
PDPA Players Championship Barnsley 1SchottlandGary Anderson
100%
World Darts ChampionshipEnglandPhil Taylor
100%
European ChampionshipEnglandPhil Taylor
100%
PDC US OpenEnglandPhil Taylor
100%
World Cricket ChampionshipEnglandPhil Taylor
100%
UK OpenEnglandPhil Taylor
100%
Premier LeagueEnglandPhil Taylor
100%
PDPA Players Championship Austria 2EnglandPhil Taylor
100%
World MatchplayEnglandPhil Taylor
100%
UK Open Qualifier 6EnglandPhil Taylor
100%
PDPA Players Championship Derby 1EnglandPhil Taylor
100%
UK Open Qualifier 3EnglandPhil Taylor
100%
PDPA Players Championship Derby 3EnglandPhil Taylor
100%
PDPA Players Championship Wigan 1EnglandPhil Taylor
100%
PDPA Players Championship Ireland 1AustralienSimon Whitlock
100%
PDPA Players Championship Derby 2AustralienSimon Whitlock
100%
PDPA Players Championship Wigan 3AustralienSimon Whitlock
100%
PDPA Players Championship Austria 1AustralienSimon Whitlock
100%
Bobby Bourn Memorial TrophyAustralienSimon Whitlock
100%
PDPA Players Championship Germany 4AustralienSimon Whitlock
100%
Oceanic MastersAustralienSimon Whitlock
100%
Gleneagle Irish MastersAustralienSimon Whitlock
100%
World Grand PrixEnglandJames Wade
93%
PDPA Players Championship Netherlands 3EnglandJames Wade
93%
UK Open Qualifier 8EnglandJames Wade
93%
Championship Of DartsEnglandJames Wade
93%
PDPA Players Championship Germany 2EnglandAdrian Lewis
86%
PDPA Players Championship Crawley 2EnglandAdrian Lewis
86%
North American Darts ChampionshipKanadaJohn Part
79%
Player Championship FinalsAustralienPaul Nicholson
71%
PDPA Players Championship Netherlands 1NiederlandeVincent van der Voort
64%
PDPA Players Championship Germany 1NiederlandeVincent van der Voort
64%
PDPA Players Championship Netherlands 2EnglandAndy Smith
50%
PDPA Players Championship Las Vegas 2NiederlandeCo Stompe
50%
PDPA Players Championship SwindonEnglandMervyn King
43%
UK Open Qualifier 1EnglandMervyn King
43%
PDPA Players Championship Gibraltar 1EnglandColin Lloyd
36%
Canadian Masters Players ChampionshipEnglandColin Lloyd
36%
UK Open Qualifier 7EnglandColin Lloyd
36%
PDPA Players Championship Crawley 3EnglandColin Lloyd
36%
PDPA Players Championship Barnsley 2EnglandRonnie Baxter
36%
PDPA Players Championship Wigan 2EnglandWes Newton
36%
PDPA Players Championship Barnsley 4EnglandWes Newton
36%
PDPA Players Championship Barnsley 3EnglandWes Newton
36%
Australian Open Darts ChampionshipEnglandDennis Priestley
29%
PDPA Players Championship Germany 3WalesMark Webster
29%
Grand Slam Of DartsEnglandScott Waites
29%
PDPA Players Championship Crawley 1WalesBarrie Bates
14%
PDPA Players Championship Gibraltar 2EnglandDenis Ovens
14%
PDPA Players Championship Ireland 2EnglandJamie Caven
14%
PDPA Players Championship CanadaEnglandJamie Caven
14%
UK Open Qualifier 2EnglandMark Walsh
14%
UK Open Qualifier 5EnglandMark Walsh
14%
PDPA Players Championship Derby 4EnglandMark Walsh
14%
PDPA Players Championship Netherlands 4EnglandSteve Farmer
7%

Verteilung der Resultate

Perzentil nach korrekt beantworteten Fragen

Anzahl Personen mit jedem Resultat

Ihre Resultats-Entwicklung

Sie haben dieses Quiz noch nicht gespielt